Integracion energetica en plantas químicas /

Guardado en:
Autor Principal: Brignole, Esteban A.
Formato: Libro
Idioma:Spanish
Publicado: Bahía Blanca, Argentina : Planta Piloto de Ingeniería Química (PLAPIQUI), 1981.
Materias:
Etiquetas: Agregar Etiqueta
Sin Etiquetas, Sea el primero en etiquetar este registro!
LEADER 00654nam a22001575a 4500
001 EIQ.libpla001294
008 060905s1981####ag#a##########000#0#spa#d
005 20070711193042.0
245 1 0 |a Integracion energetica en plantas químicas /  |c Esteban A. Brignole. 
260 |a Bahía Blanca, Argentina :  |b Planta Piloto de Ingeniería Química (PLAPIQUI),  |c 1981. 
300 |a [81] h. :  |b il. ;  |c 29 cm. 
100 1 |a Brignole, Esteban A.  |q (Esteban Alberto) 
650 4 |a Fábricas de productos químicos  |x Integración energética. 
650 4 |a Chemical plants  |x Energetica integration. 
040 |a AR-BbSID  |b spa  |c AR-BbSID 
859 |a AR-BbSID  |b BIB. PLAPIQUI  |h 621.403  |i B 769  |p 2544